Real Sociedad Squad 2022-2023 - Statistics

General Stats
  • This quiz has been taken 142 times
    98 since last reset
  • The average score is 18 of 27
Answer Stats
# Position Nation Player % Correct
8 MF Spain Mikel Merino
94%
10 FW Spain Mikel Oyarzabal
93%
24 DF Spain Robin Le Normand
91%
14 FW Japan Takefusa Kubo
91%
1 GK Spain Álex Remiro
87%
19 FW Norway Alexander Sørloth
83%
3 MF Spain Martín Zubimendi
83%
21 MF Spain David Silva
81%
11 FW France Mohamed-Ali Cho
72%
25 FW Nigeria Umar Sadiq
72%
23 FW Spain Brais Méndez
70%
5 DF Spain Igor Zubeldia
70%
6 DF Spain Aritz Elustondo
67%
9 FW Spain Carlos Fernández
65%
7 FW Spain Ander Barrenetxea
63%
12 DF Spain Aihen Muñoz
61%
18 DF Spain Andoni Gorosabel
61%
4 MF Spain Asier Illarramendi
61%
15 DF Spain Diego Rico
61%
- Coach Spain Imanol Alguacil
59%
20 DF Spain Jon Pacheco
56%
22 MF Spain Beñat Turrientes
44%
16 MF Spain Ander Guevara
41%
2 DF Spain Álex Sola
37%
17 MF Spain Robert Navarro
37%
13 GK Spain Andoni Zubiaurre
26%
33 FW Spain Jon Karrikaburu
26%
No matching quizzes found
Score Distribution
Percent of People with Each Score
Percentile by Number Answered
Your Score History
You have not taken this quiz since the last reset